000 00388 a2200169 4500
001 156369
020 _a9788516044677
040 _cEscola São Tomás de Aquino
100 _aMACHADO, Ana Maria
240 1 0 _aUma gota de mágica
_lpor
245 1 0 _aUma gota de mágica
300 _a24
362 0 _a2012
440 1 _aSalamandra
697 _a*LITERATURA INFANTIL
942 _cBK
999 _c156369
_d156369